000 01183nam a2200313Ia 4500
001 ebr10296363
003 CaPaEBR
006 m u
007 cr cn|||||||||
008 070823s2008 njua s 001 0 eng d
020 _z9780470180440 (pbk.)
020 _z0470180447 (pbk.)
040 _aCaPaEBR
_cCaPaEBR
035 _a(OCoLC)637043039
050 1 4 _aQA76.76.O63
_bM84 2008eb
100 1 _aMueller, John,
_d1958-
245 1 0 _aWindows Server 2008 all-in-one desk reference for dummies
_h[electronic resource] /
_cby John Paul Mueller.
260 _aHoboken, NJ :
_bWiley,
_cc2008.
300 _axxii, 866 p. :
_bill.
490 1 _a--For dummies
500 _aIncludes index.
533 _aElectronic reproduction.
_bPalo Alto, Calif. :
_cebrary,
_d2011.
_nAvailable via World Wide Web.
_nAccess may be limited to ebrary affiliated libraries.
630 0 0 _aMicrosoft Windows server.
650 0 _aOperating systems (Computers)
655 7 _aElectronic books.
_2local
710 2 _aebrary, Inc.
830 0 _a--For dummies.
856 4 0 _uhttp://site.ebrary.com/lib/rucke/Doc?id=10296363
_zAn electronic book accessible through the World Wide Web; click to view
999 _c77316
_d77316